000 01131nam a2200325 i 4500
003 EG-GICUC
005 20260121101518.0
008 251217s1937 uk | ||fr|||| 001 0 eng d
040 _aEG-GiCUC
_cEG-GiCUC
_dEG-GiCUC
_erda
_beng
041 _aeng
082 0 4 _221
_a341.84
_bCO . L
092 0 4 _221
099 _aLaw1 12 341.84 CO . L 1949
100 1 _aCook, Walter Wheeler,
_d1873-1943,
_eAuthor.
245 1 4 _aThe Logical and Legal Bases of the Conflict of Laws /
_cby Walter Wheeler Cook
250 _aSecond Printing
264 3 _aCambridge, Massachusetts :
_bHarvard University Press,
_c1949.
300 _a(xx, 473 pages ;
_c24 cm.
336 _2rda content
_atext
337 _2rda media
_aComputer
338 _2rda carrier
_aOnline Resource
490 0 _aHarvard studies in the conflict of laws ;
_vvolume 5.
504 _a>Includes bibliographical references and index
546 _aText in English
650 1 4 _aconflict of laws
_xPrivate international law
_2qrmak
651 1 _2qrmak
856 4 0 _uhttps://fll.law.cu.edu.eg/fulltext/bks/B12-01633.pdf
905 _a75
_eHassnaa
942 _2ddc
_cBK
_e21
_n0
999 _c51291
_d51291